[Event "Treviso TWE op-B 31st"]
[Site "Treviso"]
[Date "2007.12.09"]
[Round "4.12"]
[White "Cinesi, Giuseppe"]
[Black "Bressan, Andrea"]
[Result "0-1"]
[WhiteElo "1365"]
[BlackElo "1386"]
[PlyCount "70"]
[EventDate "2007.12.07"]
[EventType "swiss"]
[EventRounds "5"]
[EventCountry "ITA"]
[SourceTitle "EXT 2024"]
[Source "ChessBase"]
[SourceDate "2023.10.10"]
[SourceVersion "1"]
[SourceVersionDate "2023.10.10"]
[SourceQuality "1"]

1. e4 d6 2. Nf3 Nf6 3. Nc3 g6 4. Bc4 Bg7 5. d4 0-0 6. 0-0 c6 7. a3 b5 8. Ba2 a5 9. b4 d5 10. exd5 Nxd5 11. Nxd5 cxd5 12. Re1 Nc6 13. Bf4 axb4 14. Ne5 Nxe5 15. Bxe5 f6 16. Bg3 bxa3 17. c3 Kh8 18. f4 Bf5 19. Qe2 Be4 20. Qxb5 Qa5 21. Qf1 Qxc3 22. Bf2 Bd3 23. Rec1 Qxa1 24. Rxa1 Bxf1 25. Kxf1 Rfd8 26. g4 h6 27. Bb1 g5 28. fxg5 fxg5 29. Bf5 Rd6 30. h4 a2 31. Bg3 Rb6 32. Kg2 Bxd4 33. Re1 Bf6 34. Be5 a1Q 35. Bxa1 Rxa1 0-1

[Event "Treviso TWE op-B 31st"]
[Site "Treviso"]
[Date "2007.12.07"]
[Round "1.13"]
[White "Rigato, Leonardo"]
[Black "Cinesi, Giuseppe"]
[Result "1-0"]
[WhiteElo "1595"]
[BlackElo "1365"]
[PlyCount "79"]
[EventDate "2007.12.07"]
[EventType "swiss"]
[EventRounds "5"]
[EventCountry "ITA"]
[SourceTitle "EXT 2024"]
[Source "ChessBase"]
[SourceDate "2023.10.10"]
[SourceVersion "1"]
[SourceVersionDate "2023.10.10"]
[SourceQuality "1"]

1. d4 Nf6 2. c4 e6 3. Nc3 d5 4. Bg5 dxc4 5. e3 Be7 6. Bxc4 Nbd7 7. Nf3 Nb6 8. Bb3 0-0 9. 0-0 h6 10. Bh4 Nbd5 11. Rc1 Re8 12. a3 a6 13. Re1 b5 14. Nxd5 exd5 15. Ne5 Bb7 16. Bc2 Ne4 17. Bxe7 Qxe7 18. Bxe4 dxe4 19. Qg4 Rac8 20. Nc6 Qe6 21. Qxe6 Rxe6 22. Ne5 f6 23. Nd7 Bd5 24. b4 Bc4 25. Red1 Re7 26. Nc5 Ra8 27. d5 a5 28. d6 cxd6 29. Rxd6 axb4 30. axb4 Ra4 31. Nxa4 bxa4 32. Rxc4 Ra7 33. Rd1 a3 34. Ra1 Ra4 35. Rxe4 a2 36. g3 f5 37. Re8+ Kf7 38. Rb8 Ra3 39. Kg2 Kf6 40. b5 1-0

[Event "Treviso U2100 op"]
[Site "Treviso"]
[Date "2005.12.03"]
[Round "1.27"]
[White "Giacomelli, Enzo"]
[Black "Cinesi, Giuseppe"]
[Result "1-0"]
[WhiteElo "1706"]
[BlackElo "1392"]
[PlyCount "55"]
[EventDate "2005.12.03"]
[EventType "swiss"]
[EventRounds "5"]
[EventCountry "ITA"]
[SourceTitle "EXT 2024"]
[Source "ChessBase"]
[SourceDate "2023.10.10"]
[SourceVersion "1"]
[SourceVersionDate "2023.10.10"]
[SourceQuality "1"]

1. e4 e5 2. Nf3 Nf6 3. d3 Bc5 4. h3 Nc6 5. Nc3 d5 6. Bg5 d4 7. Nd5 Bb4+ 8. Nxb4 Nxb4 9. Nxe5 Qe7 10. Nf3 Bf5 11. Be2 Bxe4 12. dxe4 Qxe4 13. 0-0 0-0-0 14. Bd3 Qd5 15. b3 h6 16. Bh4 g5 17. Bg3 h5 18. Be5 g4 19. hxg4 hxg4 20. Bxf6 Qh5 21. Nh4 Qxh4 22. Bxh4 Rxh4 23. Bf5+ Kb8 24. Bxg4 Nxc2 25. Rc1 d3 26. Rxc2 Rxg4 27. Qxg4 dxc2 28. Rc1 1-0

[Event "Treviso WE op 28th"]
[Site "Treviso"]
[Date "2004.12.08"]
[Round "5.30"]
[White "Cinesi, Giuseppe"]
[Black "Basso, Piergiorgio"]
[Result "0-1"]
[WhiteElo "1440"]
[BlackElo "1685"]
[PlyCount "74"]
[EventDate "2004.12.04"]
[EventType "swiss"]
[EventCountry "ITA"]
[SourceTitle "EXT 2024"]
[Source "ChessBase"]
[SourceDate "2023.10.10"]
[SourceVersion "1"]
[SourceVersionDate "2023.10.10"]
[SourceQuality "1"]

1. e4 c5 2. c4 d6 3. Nf3 Nf6 4. d3 g6 5. Nc3 Nc6 6. Be3 Bg7 7. d4 cxd4 8. Nxd4 0-0 9. Nxc6 bxc6 10. c5 Rb8 11. b3 Qc7 12. Bf4 e5 13. Be3 Qa5 14. Qc2 d5 15. Bd2 Qxc5 16. exd5 cxd5 17. Rc1 Ng4 18. Be3 d4 19. Ne4 Qxc2 20. Rxc2 Bf5 21. Bd3 dxe3 22. fxe3 Rfd8 23. Ke2 Rb4 24. Rc4 Rxc4 25. bxc4 Bxe4 26. Bxe4 f5 27. Bd5+ Kf8 28. h3 Nf6 29. Rd1 Nxd5 30. Rxd5 Rxd5 31. cxd5 Ke7 32. Kd3 e4+ 33. Kc4 Kd6 34. a4 a6 35. Kb4 Kxd5 36. Ka5 Bc3+ 37. Kxa6 Bd2 0-1